| 000 | 00991nam a22002297a 4500 | ||
|---|---|---|---|
| 003 | BUBTL | ||
| 008 | 240306b ||||| |||| 00| 0 eng d | ||
| 020 | _a9843000012588 | ||
| 041 | _aবাংলা ও ইংরেজি | ||
| 082 |
_2৫ম সং _a347.549209/ Ak47c/ 2013 |
||
| 100 |
_95722 _aআখতারুজ্জামান, ড. মো : |
||
| 245 |
_aবিকল্প বিরোধ নিষ্পত্তির ধারণা ও আইন এবং আইনগত সহায়তা প্রদান আইন/ _bড. মোঃ আখতারুজ্জামান |
||
| 250 | _a৫ম সং | ||
| 260 |
_aঢাকা _bবিচার প্রশাসন প্রশিক্ষণ ইনস্টিটিউট _cc2013 |
||
| 300 |
_a[xxiv], 598 p. : _bill. 21 cm. |
||
| 521 | _aIncludes Bibliography | ||
| 526 | _aLaw | ||
| 650 | _aLaw | ||
| 856 |
_k0 _l0 _yDownload |
||
| 942 |
_2ddc _cBK |
||
| 999 |
_c7246 _d7246 |
||